[Event "Fujairah Masters 2012"]
[Site "Fujairah City UAE"]
[Date "2012.11.20"]
[Round "8.8"]
[White "Solak, Dragan"]
[Black "Ni, Hua"]
[Result "1-0"]
[WhiteTitle "GM"]
[BlackTitle "GM"]
[WhiteElo "2597"]
[BlackElo "2681"]
[WhiteFideId "916811"]
[BlackFideId "8601160"]
[EventDate "2012.11.13"]

1. e4 e5 2. Nf3 Nc6 3. Bb5 Nf6 4. O-O Nxe4 5. Re1 Nd6 6. Nxe5 Be7 7. Bf1 Nf5 8.
Nf3 O-O 9. d4 d5 10. c3 Re8 11. Bd3 g6 12. Nbd2 Ng7 13. Nf1 Be6 14. Bf4 Qd7 15.
Ng3 f6 16. Qc2 Bd6 17. Bxd6 Qxd6 18. h4 Bg4 19. Nh2 Bd7 20. Nf3 Ne7 21. h5 Nef5
22. Nxf5 Nxf5 23. g3 Kg7 24. Kg2 c5 25. dxc5 Qxc5 26. Qd2 d4 27. Bxf5 Qxf5 28.
h6+ Kf7 29. Nxd4 Qh3+ 30. Kg1 g5 31. Qd3 Qxh6 32. Nf5 Bxf5 33. Qxf5 Qg7 34. Rxe8
Rxe8 35. Rd1 Re7 36. Rd8 Qh6 37. Qd5+ Kg6 38. Rg8+ Rg7 39. Qe4+ f5 40. Qe8+ 1-0

[Event "Fujairah Masters 2012"]
[Site "Fujairah City UAE"]
[Date "2012.11.20"]
[Round "8.9"]
[White "Petrosian, Tigran L."]
[Black "Guseinov, Gadir"]
[Result "0-1"]
[WhiteTitle "GM"]
[BlackTitle "GM"]
[WhiteElo "2659"]
[BlackElo "2621"]
[WhiteFideId "13301616"]
[BlackFideId "13401378"]
[EventDate "2012.11.13"]

1. d4 Nf6 2. Bg5 e6 3. e4 h6 4. Bxf6 Qxf6 5. Nc3 Bb4 6. Qd2 d6 7. a3 Ba5 8.
O-O-O Bd7 9. Nf3 Qe7 10. Qe3 Bb6 11. Nd2 a6 12. e5 dxe5 13. Qxe5 Nc6 14. Qxg7
Bxd4 15. Qg3 O-O-O 16. Nb3 Rhg8 17. Qf3 Ne5 18. Qh3 Bxf2 19. Ne4 Bb6 20. Qc3 Ng4
21. Nec5 Bc6 22. Be2 Nf2 23. Rxd8+ Rxd8 24. Rf1 Qg5+ 25. Kb1 Qxg2 26. Qg3 Qxg3
27. hxg3 Nh1 28. Rxf7 Nxg3 29. Bg4 Kb8 30. Bxe6 h5 31. Nd7+ Bxd7 32. Bxd7 Ne4
33. Re7 Ng5 34. Rg7 Be3 35. Re7 h4 36. Bg4 Bf4 37. Nc5 h3 38. Re1 h2 39. Rh1 Rd2
40. Nd3 Rg2 41. Ka2 Rg1 42. Nf2 Ne4 0-1

[Event "Fujairah Masters 2012"]
[Site "Fujairah City UAE"]
[Date "2012.11.20"]
[Round "8.10"]
[White "Ghaem Maghami, Ehsan"]
[Black "Tkachiev, Vladislav"]
[Result "1-0"]
[WhiteTitle "GM"]
[BlackTitle "GM"]
[WhiteElo "2559"]
[BlackElo "2659"]
[WhiteFideId "12500739"]
[BlackFideId "618438"]
[EventDate "2012.11.13"]

1. e4 d6 2. d4 g6 3. Nf3 Nf6 4. Nc3 Bg7 5. Be2 O-O 6. O-O c6 7. h3 Nbd7 8. Bf4
Qa5 9. a3 e5 10. Be3 exd4 11. Nxd4 Re8 12. Nb3 Qc7 13. Bf4 Ne5 14. Qd2 a5 15.
Rad1 a4 16. Nc1 Nfd7 17. Bh6 Bxh6 18. Qxh6 Qb6 19. b4 axb3 20. Nxb3 Nc5 21. Qe3
Rxa3 22. Rxd6 Ned7 23. Bc4 Qc7 24. Bxf7+ Kxf7 25. Qf4+ Ke7 26. Rfd1 Rxb3 27.
Rxd7+ Nxd7 28. Qxc7 Rxc3 29. Rxd7+ Bxd7 30. Qe5+ Kd8 31. Qxc3 Rxe4 32. Qh8+ Be8
33. Qxh7 b5 34. Qa7 Rc4 35. c3 c5 36. Qb8+ Ke7 37. g4 Bf7 38. Qb7+ Kf8 39. Qxb5
Rxc3 40. Qb8+ Be8 41. Qb2 Rc4 42. f3 Bf7 43. h4 Rd4 44. Qb8+ Be8 45. Qc7 Rd5 46.
Kf2 Bf7 47. Kg3 Kg7 48. Qc8 Re5 49. Qc7 Rd5 50. Qc6 Kg8 51. Qc8+ Kg7 52. Qc7 Kg8
53. Qb8+ Kg7 54. Qb2+ Kg8 55. Qc3 Be6 56. Qf6 Bf7 57. Qc3 Be6 58. Qc1 Bf7 59.
Qc2 Kf8 60. f4 Kg8 61. Kf3 Kf8 62. Kg3 Kg8 63. h5 gxh5 64. g5 c4 65. Kh4 Rd3 66.
Qe2 Rd7 67. Qe4 Rd2 68. g6 Bd5 69. Qe7 1-0

[Event "Fujairah Masters 2012"]
[Site "Fujairah City UAE"]
[Date "2012.11.20"]
[Round "8.11"]
[White "Zherebukh, Yaroslav"]
[Black "Ma, Qun"]
[Result "0-1"]
[WhiteTitle "GM"]
[WhiteElo "2627"]
[BlackElo "2534"]
[WhiteFideId "14116804"]
[BlackFideId "8603154"]
[EventDate "2012.11.13"]

1. d4 d5 2. c4 c6 3. Nf3 Nf6 4. Qb3 dxc4 5. Qxc4 Bf5 6. g3 Nbd7 7. Bg2 e6 8. O-O
Nb6 9. Qb3 Qd5 10. Nbd2 Qxb3 11. Nxb3 Be4 12. Na5 O-O-O 13. Ne5 Bxg2 14. Kxg2
Rxd4 15. Nxf7 Rg8 16. Ng5 e5 17. Be3 Ra4 18. Bxb6 axb6 19. Nb3 h6 20. Nf7 Nd7
21. Rfd1 Be7 22. Nd6+ Bxd6 23. Rxd6 Nf6 24. a3 Rd8 25. Rxd8+ Kxd8 26. Rc1 Ke7
27. Nd2 Ke6 28. Rc4 b5 29. Rc2 g5 30. e3 g4 31. h3 h5 32. hxg4 hxg4 33. Kf1 Kf5
34. Ke2 Ne4 35. Nxe4 Kxe4 36. Rc1 Ra8 37. Rc3 Ra4 38. Rc1 Rc4 39. Rxc4+ bxc4 40.
a4 b6 41. Kd2 Kd5 42. Ke2 e4 43. Kd2 Kc5 44. Kc3 b5 45. b3 cxb3 46. a5 Kd6 47.
Kd4 0-1

[Event "Fujairah Masters 2012"]
[Site "Fujairah City UAE"]
[Date "2012.11.21"]
[Round "9.2"]
[White "Le, Quang Liem"]
[Black "Fedorchuk, Sergey A."]
[Result "1-0"]
[WhiteTitle "GM"]
[BlackTitle "GM"]
[WhiteElo "2705"]
[BlackElo "2652"]
[WhiteFideId "12401137"]
[BlackFideId "14102536"]
[EventDate "2012.11.13"]

1. Nf3 Nf6 2. c4 e6 3. g3 b6 4. Bg2 Bb7 5. O-O c5 6. Nc3 Be7 7. d4 cxd4 8. Qxd4
d6 9. Bg5 h6 10. Bxf6 Bxf6 11. Qf4 g5 12. Qe3 Be7 13. Rad1 a6 14. Nd4 Bxg2 15.
Kxg2 Qc8 16. f4 Qb7+ 17. Kg1 gxf4 18. Qxf4 Bg5 19. Qf2 Ra7 20. h4 Bd8 21. Qe3
Be7 22. Ne4 Qc7 23. Nf6+ Bxf6 24. Rxf6 Qc5 25. Rf5 Qc8 26. Rd5 Rd7 27. Nf5 Kf8
28. Nxd6 Qc7 29. R5d2 Qc5 30. Qxc5 bxc5 31. Ne4 Ke7 32. Nxc5 Rxd2 33. Rxd2 Rc8
34. b4 a5 35. a3 axb4 36. axb4 Nc6 37. Nd3 Nd4 38. Kf2 Nf5 39. c5 Rg8 40. c6
Nxg3 41. Nc5 Nh1+ 42. Kf1 Ng3+ 43. Ke1 Nf5 44. Rd7+ Kf6 45. c7 Ne7 46. Ne4+ Ke5
47. Rxe7 Kxe4 48. Rd7 Ke3 49. Rd3+ 1-0

[Event "Fujairah Masters 2012"]
[Site "Fujairah City UAE"]
[Date "2012.11.21"]
[Round "9.3"]
[White "Moiseenko, Alexander"]
[Black "Ehlvest, Jaan"]
[Result "1-0"]
[WhiteTitle "GM"]
[BlackTitle "GM"]
[WhiteElo "2702"]
[BlackElo "2597"]
[WhiteFideId "14102560"]
[BlackFideId "4500016"]
[EventDate "2012.11.13"]

1. d4 Nf6 2. c4 c5 3. d5 e6 4. Nc3 exd5 5. cxd5 d6 6. Nf3 g6 7. g3 Bg7 8. Bg2
O-O 9. O-O a6 10. a4 Re8 11. Bf4 Qe7 12. h3 Nh5 13. Bg5 Qf8 14. e4 Nd7 15. Nd2
Rb8 16. a5 b5 17. axb6 Nxb6 18. Kh2 Nf6 19. Qc2 h5 20. f4 Nh7 21. Bh4 f5 22.
Rfe1 Qf7 23. Qd3 Bb7 24. Re2 fxe4 25. Ndxe4 Bf8 26. Rae1 Kh8 27. Ng5 Nxg5 28.
Bxg5 Rxe2 29. Rxe2 Bc8 30. Ne4 Nd7 31. Bh4 Qf5 32. Qc3+ Bg7 33. Qe1 Bf8 34. Ng5
Nf6 35. Ne6 Bh6 36. Qc3 Bg7 37. Nxg7 1-0

[Event "Fujairah Masters 2012"]
[Site "Fujairah City UAE"]
[Date "2012.11.21"]
[Round "9.4"]
[White "Jobava, Baadur"]
[Black "Bacrot, Etienne"]
[Result "1-0"]
[WhiteTitle "GM"]
[BlackTitle "GM"]
[WhiteElo "2710"]
[BlackElo "2702"]
[WhiteFideId "13601520"]
[BlackFideId "605506"]
[EventDate "2012.11.13"]

1. b3 e5 2. Bb2 Nc6 3. e3 Nf6 4. Bb5 Bd6 5. Na3 Be7 6. Ne2 O-O 7. Nc4 e4 8. Bxc6
bxc6 9. O-O a5 10. Ng3 d5 11. Ne5 Qe8 12. c4 Bd6 13. d4 exd3 14. Nxd3 Ne4 15.
cxd5 cxd5 16. Nf4 Bxf4 17. exf4 Nxg3 18. hxg3 Qd7 19. Re1 Bb7 20. Qd4 f6 21. a4
Rfe8 22. Qc5 Qc6 23. Rxe8+ Rxe8 24. Qxc6 Bxc6 25. Rc1 Re2 26. Bxf6 gxf6 27. Rxc6
d4 28. Rxc7 d3 29. Rd7 d2 30. Kh2 h5 31. g4 h4 32. f3 Kf8 33. f5 Ke8 34. Rd5 Rf2
35. b4 1-0

[Event "Fujairah Masters 2012"]
[Site "Fujairah City UAE"]
[Date "2012.11.21"]
[Round "9.6"]
[White "Ma, Qun"]
[Black "Safarli, Eltaj"]
[Result "1-0"]
[BlackTitle "GM"]
[WhiteElo "2534"]
[BlackElo "2626"]
[WhiteFideId "8603154"]
[BlackFideId "13402129"]
[EventDate "2012.11.13"]

1. e4 e5 2. Nf3 Nc6 3. Bb5 a6 4. Ba4 d6 5. c3 Bd7 6. d4 g6 7. O-O Bg7 8. d5 Nce7
9. Bxd7+ Qxd7 10. c4 h6 11. Ne1 f5 12. f3 Nf6 13. Nc3 O-O 14. Nd3 c5 15. Qe2 b5
16. b3 g5 17. Bd2 bxc4 18. bxc4 Rae8 19. Rae1 Nh5 20. Qd1 Nf4 21. Nf2 fxe4 22.
fxe4 Neg6 23. g3 Nh3+ 24. Nxh3 Qxh3 25. Qe2 Rxf1+ 26. Qxf1 Qxf1+ 27. Kxf1 Rb8
28. Ke2 Ne7 29. h3 Kf7 30. Rb1 Rxb1 31. Nxb1 Bf6 32. Nc3 h5 33. Kf3 Ng8 34. Nd1
Bd8 35. Ne3 Ne7 36. g4 h4 37. Nf5 Nc8 38. Ke2 Bf6 39. Kd3 Ke8 40. Kc2 Kd7 41.
Nh6 Ke8 42. Ng8 Bd8 43. Kb3 Kf7 44. Nh6+ Ke8 45. Bc1 Bf6 46. Nf5 Kf7 47. Ne3 Bd8
48. Nc2 Nb6 49. Bd2 Nd7 50. Ne1 Kg6 51. Nf3 Nf8 52. Ka4 Nd7 53. Ba5 Bb6 54. Nd2
Kf6 55. Bxb6 Nxb6+ 56. Ka5 Nc8 57. Kxa6 Ke7 58. Kb7 Kd7 1-0

[Event "Fujairah Masters 2012"]
[Site "Fujairah City UAE"]
[Date "2012.11.21"]
[Round "9.7"]
[White "Vishnu Prasanna, V"]
[Black "Saric, Ivan"]
[Result "0-1"]
[WhiteTitle "IM"]
[BlackTitle "GM"]
[WhiteElo "2463"]
[BlackElo "2622"]
[WhiteFideId "5030692"]
[BlackFideId "14508150"]
[EventDate "2012.11.13"]

1. e4 c5 2. Nf3 Nc6 3. Nc3 d6 4. d4 cxd4 5. Nxd4 Nf6 6. Bg5 a6 7. Qd2 Bd7 8.
O-O-O b5 9. Nxc6 Bxc6 10. Qe1 h6 11. Bh4 Qc7 12. f4 Rc8 13. Bd3 e6 14. Bxf6 gxf6
15. Nd5 Qd8 16. f5 Bxd5 17. exd5 e5 18. Kb1 h5 19. Qh4 Ke7 20. Rhf1 Qc7 21. Rf3
Bh6 22. Qe4 h4 23. Be2 Qb6 24. a3 Bg5 25. Rb3 Rc5 26. c4 Rb8 27. cxb5 axb5 28.
a4 b4 29. Bb5 Rxb5 30. axb5 Qxb5 31. Qd3 Qc5 32. Qc2 Rc8 33. Qe4 Rb8 34. Qc2 Ra8
35. Qe4 Ra4 36. g3 h3 37. g4 Qa7 38. Kc2 Qf2+ 39. Kb1 Qxh2 40. Qf3 Ra5 41. Qxh3
Qf4 42. Qg2 Rc5 43. Qe2 Kf8 44. Rf1 Qc4 45. Qxc4 Rxc4 46. Rg3 e4 47. Ka2 e3 48.
Re1 Rd4 49. Kb3 Kg7 50. Rexe3 Bxe3 51. Rxe3 Rxg4 52. Ka4 Rd4 53. Rf3 Kh6 54. Kb5
Rxd5+ 55. Kxb4 Kg5 56. Kc4 Rc5+ 57. Kd4 Rb5 58. Rf2 Kg4 59. Kc4 Rc5+ 60. Kd4 Kg3
61. Rf1 Rb5 62. Kc3 Kg4 63. b4 Rxf5 64. Rb1 Rb5 65. Kc4 Rb6 66. b5 f5 67. Ra1 f4
68. Ra6 d5+ 69. Kc5 Rb8 70. Rf6 f3 71. b6 Kg3 72. Kxd5 f2 73. Kc6 Rf8 74. b7 Kg2
75. Rxf7 Rxf7 76. b8=Q f1=Q 77. Qg8+ Kh1 78. Qh8+ Kg1 79. Qd4+ Rf2 0-1

[Event "Fujairah Masters 2012"]
[Site "Fujairah City UAE"]
[Date "2012.11.21"]
[Round "9.8"]
[White "Sumets, Andrey"]
[Black "Solak, Dragan"]
[Result "1-0"]
[WhiteTitle "GM"]
[BlackTitle "GM"]
[WhiteElo "2622"]
[BlackElo "2597"]
[WhiteFideId "14105500"]
[BlackFideId "916811"]
[EventDate "2012.11.13"]

1. d4 d5 2. c4 c6 3. Nc3 Nf6 4. e3 a6 5. Nf3 b5 6. b3 Bf5 7. Bd3 e6 8. Bxf5 exf5
9. O-O Nbd7 10. Qc2 g6 11. Bd2 Be7 12. a4 dxc4 13. bxc4 b4 14. Ne2 a5 15. Ng3
Bd6 16. Nxf5 gxf5 17. Qxf5 Ng8 18. e4 Ne7 19. Qh3 Ng6 20. e5 Be7 21. Bh6 Nb6 22.
e6 fxe6 23. Bg7 Kf7 24. Bxh8 Qxh8 25. Rfe1 Qf6 26. Qxh7+ Qg7 27. Qh5 Rh8 28.
Qxa5 Nxc4 29. Qc7 Rh5 30. Qxc6 Nf4 31. g3 Qg4 32. Qe4 Bd6 33. Rac1 Nh3+ 34. Kf1
Qxe4 35. Rxe4 Na3 36. Rc6 Ke7 37. Rg4 Kd7 38. Ra6 Rh7 39. Ne5+ Kc8 40. Rxd6 1-0

[Event "Fujairah Masters 2012"]
[Site "Fujairah City UAE"]
[Date "2012.11.21"]
[Round "9.9"]
[White "Guseinov, Gadir"]
[Black "Ghaem Maghami, Ehsan"]
[Result "1/2-1/2"]
[WhiteTitle "GM"]
[BlackTitle "GM"]
[WhiteElo "2621"]
[BlackElo "2559"]
[WhiteFideId "13401378"]
[BlackFideId "12500739"]
[EventDate "2012.11.13"]

1. e4 c5 2. Nf3 e6 3. d4 cxd4 4. Nxd4 a6 5. Nc3 Qc7 6. g3 Bb4 7. Bd2 Nf6 8. Bg2
Nc6 9. Nb3 O-O 10. O-O d6 11. f4 b5 12. g4 Nd7 13. g5 a5 14. a3 Bxc3 15. bxc3
Bb7 16. Qe2 e5 17. f5 Ne7 18. f6 Ng6 19. Rae1 d5 20. exd5 a4 21. Nc1 Bxd5 22.
Bxd5 Qc5+ 23. Be3 Qxd5 24. Qg4 Qe6 25. Qxe6 fxe6 26. fxg7 Rxf1+ 27. Kxf1 Ne7 28.
Nd3 Nd5 29. Bd2 N5b6 30. Bc1 1/2-1/2

[Event "Fujairah Masters 2012"]
[Site "Fujairah City UAE"]
[Date "2012.11.21"]
[Round "9.10"]
[White "Parligras, Mircea-Emilian"]
[Black "Li, Chao b"]
[Result "1/2-1/2"]
[WhiteTitle "GM"]
[BlackTitle "GM"]
[WhiteElo "2635"]
[BlackElo "2693"]
[WhiteFideId "1204297"]
[BlackFideId "8604436"]
[EventDate "2012.11.13"]

1. d4 d5 2. c4 c6 3. Nf3 Nf6 4. e3 g6 5. Nc3 Bg7 6. Be2 O-O 7. O-O b6 8. b4 Ne4
9. Bb2 Nxc3 10. Bxc3 Bb7 11. Qb3 e6 12. a4 a6 13. cxd5 exd5 14. b5 cxb5 15. axb5
a5 16. Ne5 Qd6 17. Bb2 Rc8 18. Bg4 f5 19. Bf3 Nd7 20. Ba3 Qe6 21. Nc6 Bxc6 22.
bxc6 Nf6 23. Qxb6 Qxc6 24. Rfb1 Qxb6 25. Rxb6 Ne4 26. Rb5 Rc2 27. Rxd5 a4 28.
Rb5 Bf8 29. g4 Bxa3 30. Rxa3 Rf8 31. gxf5 Nxf2 32. Kf1 gxf5 33. Rxa4 f4 34. exf4
Nd3 35. Rg5+ Kh8 36. Ra8 Rxa8 37. Bxa8 Rxh2 38. f5 Rf2+ 39. Kg1 Rf4 40. Bd5 h6
41. Rg8+ Kh7 42. Rd8 Ne1 43. Re8 Rxd4 44. Be4 Kg7 45. Kf2 Kf7 46. Re6 Nd3+ 47.
Ke3 Nc5 48. Kxd4 Nxe6+ 49. fxe6+ 1/2-1/2

[Event "Fujairah Masters 2012"]
[Site "Fujairah City UAE"]
[Date "2012.11.21"]
[Round "9.11"]
[White "Kryvoruchko, Yuriy"]
[Black "Yu, Ruiyuan"]
[Result "1/2-1/2"]
[WhiteTitle "GM"]
[BlackTitle "GM"]
[WhiteElo "2679"]
[BlackElo "2538"]
[WhiteFideId "14109182"]
[BlackFideId "8603090"]
[EventDate "2012.11.13"]

1. e4 c6 2. d4 d5 3. e5 Bf5 4. Nf3 e6 5. Be2 c5 6. Be3 Qb6 7. Nc3 Nc6 8. O-O
Qxb2 9. Qe1 cxd4 10. Bxd4 Nxd4 11. Nxd4 Bb4 12. Rb1 Qxc3 13. Rxb4 Qxe1 14. Rxe1
b6 15. Bb5+ Kf8 16. Nxf5 exf5 17. Rd1 Ne7 18. c4 dxc4 19. Rxc4 a6 20. Bxa6 g5
21. Bb7 Rxa2 22. Rc7 Ra5 23. f4 Rc5 24. Rxc5 bxc5 25. fxg5 Kg7 26. Rd7 Re8 27.
Rc7 Ng6 28. Rxc5 Rxe5 29. Rxe5 Nxe5 30. h4 f6 31. gxf6+ 1/2-1/2